[Event "DVM U16 2018"]
[Site "Aurich GER"]
[Date "2018.12.29"]
[Round "5"]
[White "Waffenschmidt, Lars"]
[Black "Zyla, Lennert"]
[Result "1-0"]
[Termination "normal"]
[Board "9.1"]
[WhiteElo "1903"]
[BlackElo "1829"]
[WhiteTeam "SK Bebenhausen"]
[BlackTeam "SG Porz"]
[PlyCount "34"]
[WhiteFideId "16244656"]
[BlackFideId "12981567"]
[EventCountry "GER"]
[EventRounds "7"]
[EventType "team-swiss"]
[EventDate "2018.12.26"]

1. e4 c5 2. Nf3 e6 3. d4 cxd4 4. Nxd4 Nc6 5. Nc3 Qc7 6. g3 a6 7. Bg2 Nf6 8. O-O
Be7 9. Re1 O-O 10. Nxc6 dxc6 11. e5 Rd8 12. Qf3 Nd5 13. h4 Bf8 14. Bg5 Ne7 15.
h5 Re8 16. Ne4 Nf5 17. h6 Nd4 1-0

[Event "DVM U16 2018"]
[Site "Aurich GER"]
[Date "2018.12.29"]
[Round "5"]
[White "Gallasch, Robin"]
[Black "Freiherr von Hauff, Christopher"]
[Result "0-1"]
[Termination "normal"]
[Board "9.2"]
[WhiteElo "1902"]
[BlackElo "1802"]
[WhiteTeam "SG Porz"]
[BlackTeam "SK Bebenhausen"]
[PlyCount "80"]
[WhiteFideId "16222423"]
[BlackFideId "16200691"]
[EventCountry "GER"]
[EventRounds "7"]
[EventType "team-swiss"]
[EventDate "2018.12.26"]

1. d4 Nf6 2. c4 c5 3. d5 b5 4. a4 b4 5. g3 d6 6. Bg2 g6 7. b3 Bg7 8. Bb2 O-O 9.
Qc2 Re8 10. Nd2 Bb7 11. O-O-O e6 12. e4 exd5 13. exd5 Bc8 14. Ne4 Bf5 15. f3
Nbd7 16. Nh3 Nxe4 17. fxe4 Bxb2+ 18. Kxb2 Bxh3 19. Bxh3 Qf6+ 20. Ka2 Ne5 21.
Rhf1 Qg7 22. Qf2 Rab8 23. Qf6 Qh6 24. Bd7 Rf8 25. Qxd6 Qxh2+ 26. Ka1 Qxg3 27.
Be6 Qc3+ 28. Ka2 Nxc4 29. Bxf7+ Kg7 30. Qh2 Ne3 31. Rh1 h5 32. Rc1 Qd4 33. Bxg6
Ng4 34. Qc7+ Kxg6 35. Rxc5 Rf2+ 36. Rc2 Rbf8 37. Rhc1 Qxe4 38. d6 Qf4 39. Qc6
Qxc1 40. d7+ Nf6 0-1

[Event "DVM U16 2018"]
[Site "Aurich GER"]
[Date "2018.12.29"]
[Round "5"]
[White "Ortner, Jonas Ruben"]
[Black "Sewald, Richard"]
[Result "0-1"]
[Termination "normal"]
[Board "9.3"]
[WhiteElo "1710"]
[BlackElo "1687"]
[WhiteTeam "SK Bebenhausen"]
[BlackTeam "SG Porz"]
[PlyCount "152"]
[WhiteFideId "16235118"]
[BlackFideId "12983586"]
[EventCountry "GER"]
[EventRounds "7"]
[EventType "team-swiss"]
[EventDate "2018.12.26"]

1. e4 c5 2. Nf3 a6 3. c4 Nc6 4. Nc3 g6 5. d4 cxd4 6. Nxd4 Bg7 7. Be3 d6 8. Be2
Nf6 9. Qd2 Ng4 10. Bxg4 Bxg4 11. O-O O-O 12. Rac1 Rc8 13. b3 Re8 14. Nc2 Qa5
15. Nd5 Qxd2 16. Bxd2 Nd4 17. Nxd4 Bxd4 18. Be3 Bg7 19. Nb6 Rcd8 20. f3 Be6 21.
Rc2 f5 22. Rd2 fxe4 23. fxe4 Rf8 24. Rfd1 Bg4 25. Rc1 Be5 26. h3 Be6 27. Rcd1
Kg7 28. Bd4 Bf6 29. Be3 Be5 30. c5 Rde8 31. Bd4 Bxd4 32. Rxd4 dxc5 33. R4d2 Rf4
34. Nd7 Bxd7 35. Rxd7 Rxe4 36. Rxb7 Re2 37. a4 c4 38. bxc4 Ra2 39. c5 Rc8 40.
Rc1 Rxa4 41. Rb6 a5 42. c6 Rb4 43. Rxb4 axb4 44. Kf2 Kf6 45. Ke3 Ke5 46. Rc5
Kd6 47. Rb5 Rxc6 48. Rxb4 Ke5 49. Rb5 Kf6 50. Rb7 h5 51. Rb5 e5 52. Rb4 Kf5 53.
g3 Rc3 54. Kf2 Rd3 55. Rb8 Ke4 56. Rb4 Rd4 57. Rb2 g5 58. Re2 Kf5 59. Ra2 h4
60. g4 Kf4 61. Rb2 e4 62. Rc2 Rd3 63. Kg2 Ke3 64. Kf1 Rd1 65. Kg2 Rd2 66. Rxd2
Kxd2 67. Kf2 e3 68. Kf3 e2 69. Ke4 e1Q 70. Kf5 Qe7 71. Kg6 Ke3 72. Kh5 Kf4 73.
Kg6 Ke5 74. Kh5 Kf6 75. Kh6 Qg7 76. Kh5 Qh7 0-1

[Event "DVM U16 2018"]
[Site "Aurich GER"]
[Date "2018.12.29"]
[Round "5"]
[White "Sporer, Benedikt"]
[Black "Ruby, Noah Leonard"]
[Result "1-0"]
[Termination "normal"]
[Board "9.4"]
[WhiteElo "1306"]
[BlackElo "1097"]
[WhiteTeam "SG Porz"]
[BlackTeam "SK Bebenhausen"]
[PlyCount "56"]
[WhiteFideId "16274849"]
[BlackFideId "16274857"]
[EventCountry "GER"]
[EventRounds "7"]
[EventType "team-swiss"]
[EventDate "2018.12.26"]

1. e4 c5 2. Nc3 Nc6 3. Bc4 g6 4. Nf3 Bg7 5. O-O Nf6 6. d3 d6 7. a3 O-O 8. Re1
Qc7 9. Bg5 Bg4 10. Nb1 a6 11. Nbd2 b5 12. Ba2 Rab8 13. c3 a5 14. Qc2 b4 15.
axb4 axb4 16. d4 Bxf3 17. Nxf3 Ra8 18. e5 dxe5 19. dxe5 Ng4 20. Qe4 Ngxe5 21.
Bf4 Nxf3 22. Qxf3 e5 23. Be3 bxc3 24. bxc3 Rfe8 25. Bd5 Rxa1 26. Rxa1 Ne7 27.
Qxf7 Kh8 28. Qxe8 Ng8 1-0

[Event "DVM U16 2018"]
[Site "Aurich GER"]
[Date "2018.12.29"]
[Round "5"]
[White "Dirks, Simon"]
[Black "Brüstle, William"]
[Result "1-0"]
[Termination "normal"]
[Board "10.2"]
[WhiteElo "1617"]
[BlackElo "1416"]
[WhiteTeam "SC Aurich"]
[BlackTeam "SK Gernsbach"]
[PlyCount "58"]
[WhiteFideId "16255666"]
[BlackFideId "16260236"]
[EventCountry "GER"]
[EventRounds "7"]
[EventType "team-swiss"]
[EventDate "2018.12.26"]

1. Nf3 Nf6 2. c4 c5 3. Nc3 Nc6 4. e3 e6 5. d4 cxd4 6. exd4 d5 7. Bg5 Be7 8. Rc1
b6 9. Be2 dxc4 10. Bxc4 Bb7 11. d5 Nxd5 12. Nxd5 Bxg5 13. Nxg5 exd5 14. Qxd5
Qe7 15. Qe4 Qxe4 16. Nxe4 O-O 17. Nd6 Na5 18. Bxf7 Rxf7 19. Nxf7 Re8 20. Kd2
Kxf7 21. Rc7 Re7 22. Rhc1 b5 23. Rxe7 Kxe7 24. Rc7 Kf6 25. f3 Nc4 26. Kc3 Nd6
27. Kd4 Ke6 28. Kc5 a6 29. Rxg7 h5 1-0

[Event "DVM U16 2018"]
[Site "Aurich GER"]
[Date "2018.12.29"]
[Round "5"]
[White "Goldbeck, Kilian"]
[Black "Koch, Christoph"]
[Result "1-0"]
[Termination "normal"]
[Board "10.4"]
[WhiteElo "1523"]
[BlackElo "1103"]
[WhiteTeam "SC Aurich"]
[BlackTeam "SK Gernsbach"]
[PlyCount "76"]
[WhiteFideId "16255674"]
[BlackFideId "16274865"]
[EventCountry "GER"]
[EventRounds "7"]
[EventType "team-swiss"]
[EventDate "2018.12.26"]

1. e4 e5 2. Nf3 Nc6 3. Bb5 Nf6 4. O-O a6 5. Ba4 Bd6 6. d4 exd4 7. Bxc6 dxc6 8.
e5 Bxe5 9. Nxe5 h6 10. Re1 O-O 11. Nf3 Bg4 12. Qd3 c5 13. Bf4 Nd5 14. Bd2 Qd7
15. Ne5 Qc8 16. Qg3 Nf6 17. Nxg4 Nxg4 18. h3 h5 19. hxg4 hxg4 20. Bf4 Re8 21.
Nd2 Qf5 22. c3 Qc2 23. Nc4 b5 24. Rac1 Qh7 25. Ne5 f6 26. Nxg4 Kf7 27. cxd4 Rh8
28. Nh2 c4 29. Re2 Rad8 30. Rce1 Rd7 31. Qe3 g5 32. Qe6 Kg6 33. Qe4 f5 34. Qe6
Kh5 35. g4 fxg4 36. Qxg4 Kg6 37. Re6 Kf7 38. Qxg5 Rg8 1-0

[Event "DVM U16 2018"]
[Site "Aurich GER"]
[Date "2018.12.29"]
[Round "6"]
[White "Post, Hugo"]
[Black "Engel, Luis"]
[Result "1/2-1/2"]
[Termination "normal"]
[Board "1.1"]
[BlackTitle "IM"]
[WhiteElo "2104"]
[BlackElo "2466"]
[WhiteClock "00:18:44"]
[BlackClock "00:25:59"]
[WhiteTeam "Reideburger SV 90 Halle"]
[BlackTeam "Hamburger SK"]
[PlyCount "95"]
[WhiteFideId "12962490"]
[BlackFideId "12961523"]
[EventCountry "GER"]
[EventRounds "7"]
[EventType "team-swiss"]
[EventDate "2018.12.26"]

1. e4 {[%clk 01:30:56]} {[%emt 00:00:03]} c5 {[%clk 01:30:55]} {[%emt
00:00:05]} 2. Nf3 {[%clk 01:31:20]} {[%emt 00:00:06]} d6 {[%clk 01:31:20]}
{[%emt 00:00:06]} 3. d4 {[%clk 01:31:43]} {[%emt 00:00:07]} cxd4 {[%clk
01:31:45]} {[%emt 00:00:04]} 4. Nxd4 {[%clk 01:32:09]} {[%emt 00:00:04]} Nf6
{[%clk 01:32:08]} {[%emt 00:00:08]} 5. Nc3 {[%clk 01:32:31]} {[%emt 00:00:07]}
a6 {[%clk 01:32:34]} {[%emt 00:00:04]} 6. Bg5 {[%clk 01:32:33]} {[%emt
00:00:28]} e6 {[%clk 01:32:49]} {[%emt 00:00:16]} 7. f4 {[%clk 01:32:27]}
{[%emt 00:00:36]} h6 {[%clk 01:33:07]} {[%emt 00:00:12]} 8. Bh4 {[%clk
01:31:46]} {[%emt 00:01:09]} Qb6 {[%clk 01:33:32]} {[%emt 00:00:06]} 9. Qd3
{[%clk 01:31:32]} {[%emt 00:00:44]} Qxb2 {[%clk 01:33:11]} {[%emt 00:00:52]}
10. Rb1 {[%clk 01:31:37]} {[%emt 00:00:24]} Qa3 {[%clk 01:33:35]} {[%emt
00:00:07]} 11. f5 {[%clk 01:31:45]} {[%emt 00:00:21]} Be7 {[%clk 01:31:36]}
{[%emt 00:02:29]} 12. fxe6 {[%clk 01:31:47]} {[%emt 00:00:29]} Bxe6 {[%clk
01:31:34]} {[%emt 00:00:32]} 13. Nxe6 {[%clk 01:31:55]} {[%emt 00:00:22]} fxe6
{[%clk 01:31:58]} {[%emt 00:00:06]} 14. e5 {[%clk 01:31:13]} {[%emt 00:01:12]}
dxe5 {[%clk 01:32:15]} {[%emt 00:00:13]} 15. Bxf6 {[%clk 01:31:13]} {[%emt
00:00:30]} gxf6 {[%clk 01:30:42]} {[%emt 00:02:03]} 16. Be2 {[%clk 01:28:38]}
{[%emt 00:03:04]} e4 {[%clk 01:20:37]} {[%emt 00:10:36]} 17. Bh5+ {[%clk
01:21:14]} {[%emt 00:07:54]} Kf8 {[%clk 01:20:59]} {[%emt 00:00:08]} 18. Qh3
{[%clk 01:20:12]} {[%emt 00:01:32]} Qc5 {[%clk 01:09:12]} {[%emt 00:12:17]} 19.
Nxe4 {[%clk 01:01:05]} {[%emt 00:19:37]} Qxc2 {[%clk 00:50:16]} {[%emt
00:19:26]} 20. Nc3 {[%clk 00:42:52]} {[%emt 00:18:43]} Qf5 {[%clk 00:43:33]}
{[%emt 00:07:12]} 21. Qxf5 {[%clk 00:41:20]} {[%emt 00:02:02]} exf5 {[%clk
00:43:53]} {[%emt 00:00:10]} 22. Rxb7 {[%clk 00:41:26]} {[%emt 00:00:24]} Nc6
{[%clk 00:44:15]} {[%emt 00:00:09]} 23. Rf1 {[%clk 00:31:09]} {[%emt 00:10:47]}
Rg8 {[%clk 00:33:36]} {[%emt 00:11:08]} 24. Nd5 {[%clk 00:20:58]} {[%emt
00:10:41]} Rb8 {[%clk 00:23:41]} {[%emt 00:10:26]} 25. Rxb8+ {[%clk 00:10:28]}
{[%emt 00:11:00]} Nxb8 {[%clk 00:24:04]} {[%emt 00:00:07]} 26. g3 {[%clk
00:09:13]} {[%emt 00:01:45]} Bd8 {[%clk 00:20:27]} {[%emt 00:04:06]} 27. Rf3
{[%clk 00:07:13]} {[%emt 00:02:29]} Nc6 {[%clk 00:17:00]} {[%emt 00:03:58]} 28.
Ra3 {[%clk 00:06:08]} {[%emt 00:01:35]} a5 {[%clk 00:13:19]} {[%emt 00:04:11]}
29. Rb3 {[%clk 00:04:09]} {[%emt 00:02:30]} Rg7 {[%clk 00:10:21]} {[%emt
00:03:28]} 30. Nf4 {[%clk 00:03:27]} {[%emt 00:01:11]} Re7+ {[%clk 00:10:00]}
{[%emt 00:00:52]} 31. Kf1 {[%clk 00:03:52]} {[%emt 00:00:05]} Kg7 {[%clk
00:09:17]} {[%emt 00:01:12]} 32. Rb5 {[%clk 00:03:23]} {[%emt 00:00:58]} Ne5
{[%clk 00:07:49]} {[%emt 00:01:59]} 33. Rd5 {[%clk 00:03:12]} {[%emt 00:00:39]}
Bc7 {[%clk 00:07:47]} {[%emt 00:00:35]} 34. Rc5 {[%clk 00:02:51]} {[%emt
00:00:50]} Bb6 {[%clk 00:07:14]} {[%emt 00:01:03]} 35. Rb5 {[%clk 00:03:07]}
{[%emt 00:00:13]} Bd8 {[%clk 00:07:10]} {[%emt 00:00:34]} 36. Rd5 {[%clk
00:02:41]} {[%emt 00:00:57]} Bc7 {[%clk 00:07:24]} {[%emt 00:00:16]} 37. Kg2
{[%clk 00:01:01]} {[%emt 00:02:11]} Ng4 {[%clk 00:05:29]} {[%emt 00:02:25]} 38.
Rd2 {[%clk 00:00:38]} {[%emt 00:00:53]} Bxf4 {[%clk 00:02:54]} {[%emt
00:03:05]} 39. gxf4 {[%clk 00:01:04]} {[%emt 00:00:04]} Ne3+ {[%clk 00:01:24]}
{[%emt 00:02:00]} 40. Kf3 {[%clk 00:00:44]} {[%emt 00:00:50]} Nc4 {[%clk
00:01:01]} {[%emt 00:00:52]} 41. Rd4 {[%clk 00:30:44]} {[%emt 00:00:58]} Re3+
{[%clk 00:30:18]} {[%emt 00:01:46]} 42. Kf2 {[%clk 00:30:20]} {[%emt 00:00:52]}
Rh3 {[%clk 00:25:25]} {[%emt 00:05:25]} 43. Rxc4 {[%clk 00:18:44]} {[%emt
00:12:06]} Rxh2+ {[%clk 00:25:49]} {[%emt 00:00:06]} 44. Kg3 {[%clk 00:19:12]}
{[%emt 00:00:03]} Rxh5 {[%clk 00:26:11]} {[%emt 00:00:07]} 45. Rc1 {[%clk
00:19:36]} {[%emt 00:00:05]} Kf7 {[%clk 00:26:23]} {[%emt 00:00:19]} 46. a4
{[%clk 00:19:29]} {[%emt 00:00:36]} Ke6 {[%clk 00:26:06]} {[%emt 00:00:47]} 47.
Rd1 {[%clk 00:18:39]} {[%emt 00:01:21]} Kf7 {[%clk 00:25:59]} {[%emt 00:00:37]}
48. Re1 {[%clk 00:18:44]} {[%emt 00:00:24]} 1/2-1/2

[Event "DVM U16 2018"]
[Site "Aurich GER"]
[Date "2018.12.29"]
[Round "6"]
[White "Holinka, Henning"]
[Black "Dietz, Florian"]
[Result "1/2-1/2"]
[Termination "normal"]
[Board "1.2"]
[WhiteElo "2108"]
[BlackElo "2049"]
[WhiteClock "00:36:18"]
[BlackClock "00:30:08"]
[WhiteTeam "Hamburger SK"]
[BlackTeam "Reideburger SV 90 Halle"]
[PlyCount "90"]
[WhiteFideId "12967084"]
[BlackFideId "12939897"]
[EventCountry "GER"]
[EventRounds "7"]
[EventType "team-swiss"]
[EventDate "2018.12.26"]

1. e4 {[%clk 01:30:57]} {[%emt 00:00:02]} c5 {[%clk 01:30:51]} {[%emt
00:00:09]} 2. Nf3 {[%clk 01:31:22]} {[%emt 00:00:06]} Nc6 {[%clk 01:31:16]}
{[%emt 00:00:05]} 3. d4 {[%clk 01:31:47]} {[%emt 00:00:05]} cxd4 {[%clk
01:31:41]} {[%emt 00:00:05]} 4. Nxd4 {[%clk 01:32:11]} {[%emt 00:00:05]} g6
{[%clk 01:32:02]} {[%emt 00:00:09]} 5. c4 {[%clk 01:32:35]} {[%emt 00:00:06]}
Bg7 {[%clk 01:31:40]} {[%emt 00:00:52]} 6. Be3 {[%clk 01:32:58]} {[%emt
00:00:07]} Nf6 {[%clk 01:32:00]} {[%emt 00:00:10]} 7. Nc3 {[%clk 01:33:19]}
{[%emt 00:00:08]} O-O {[%clk 01:32:16]} {[%emt 00:00:15]} 8. Be2 {[%clk
01:33:20]} {[%emt 00:00:29]} d6 {[%clk 01:32:19]} {[%emt 00:00:27]} 9. O-O
{[%clk 01:33:06]} {[%emt 00:00:44]} Bd7 {[%clk 01:32:28]} {[%emt 00:00:21]} 10.
f3 {[%clk 01:32:39]} {[%emt 00:00:57]} Nxd4 {[%clk 01:31:16]} {[%emt 00:01:43]}
11. Bxd4 {[%clk 01:32:56]} {[%emt 00:00:13]} Bc6 {[%clk 01:31:26]} {[%emt
00:00:20]} 12. Qd2 {[%clk 01:32:17]} {[%emt 00:01:09]} Nd7 {[%clk 01:31:22]}
{[%emt 00:00:34]} 13. Be3 {[%clk 01:32:16]} {[%emt 00:00:30]} a5 {[%clk
01:31:15]} {[%emt 00:00:37]} 14. b3 {[%clk 01:31:31]} {[%emt 00:01:15]} Nc5
{[%clk 01:31:16]} {[%emt 00:00:30]} 15. Rab1 {[%clk 01:30:00]} {[%emt
00:02:01]} e6 {[%clk 01:28:51]} {[%emt 00:02:54]} 16. a3 {[%clk 01:22:04]}
{[%emt 00:08:26]} Be5 {[%clk 01:08:44]} {[%emt 00:20:37]} 17. g3 {[%clk
01:14:26]} {[%emt 00:08:08]} f5 {[%clk 00:57:20]} {[%emt 00:11:54]} 18. b4
{[%clk 01:08:24]} {[%emt 00:06:32]} axb4 {[%clk 00:52:03]} {[%emt 00:05:47]}
19. axb4 {[%clk 01:08:20]} {[%emt 00:00:34]} Ra3 {[%clk 00:46:01]} {[%emt
00:06:32]} 20. bxc5 {[%clk 00:48:46]} {[%emt 00:20:04]} Bxc3 {[%clk 00:34:24]}
{[%emt 00:12:08]} 21. Qxd6 {[%clk 00:46:50]} {[%emt 00:02:26]} Qf6 {[%clk
00:33:18]} {[%emt 00:01:34]} 22. f4 {[%clk 00:27:01]} {[%emt 00:20:20]} Bxe4
{[%clk 00:25:59]} {[%emt 00:07:49]} 23. Rb6 {[%clk 00:24:10]} {[%emt 00:03:21]}
Bc6 {[%clk 00:25:36]} {[%emt 00:00:54]} 24. Rd1 {[%clk 00:19:29]} {[%emt
00:05:10]} Ra2 {[%clk 00:14:26]} {[%emt 00:11:40]} 25. Bf1 {[%clk 00:18:27]}
{[%emt 00:01:32]} Raa8 {[%clk 00:13:40]} {[%emt 00:01:16]} 26. Bd4 {[%clk
00:15:19]} {[%emt 00:03:38]} Bxd4+ {[%clk 00:11:43]} {[%emt 00:02:27]} 27. Qxd4
{[%clk 00:15:21]} {[%emt 00:00:27]} Qxd4+ {[%clk 00:11:35]} {[%emt 00:00:39]}
28. Rxd4 {[%clk 00:15:27]} {[%emt 00:00:24]} Ra2 {[%clk 00:11:02]} {[%emt
00:01:01]} 29. Rb1 {[%clk 00:12:26]} {[%emt 00:03:33]} Rfa8 {[%clk 00:06:48]}
{[%emt 00:04:44]} 30. Rbd1 {[%clk 00:11:22]} {[%emt 00:01:34]} R8a5 {[%clk
00:05:29]} {[%emt 00:01:49]} 31. R1d2 {[%clk 00:10:41]} {[%emt 00:01:11]} R2a4
{[%clk 00:05:07]} {[%emt 00:00:50]} 32. Bg2 {[%clk 00:10:12]} {[%emt 00:01:00]}
Bxg2 33. Kxg2 {[%clk 00:10:41]} Ra2 {[%clk 00:00:54]} {[%emt 00:00:31]} 34.
Rxa2 {[%clk 00:08:55]} {[%emt 00:02:16]} Rxa2+ {[%clk 00:01:23]} {[%emt
00:00:01]} 35. Kg1 {[%clk 00:08:51]} {[%emt 00:00:34]} Rc2 {[%clk 00:01:28]}
{[%emt 00:00:25]} 36. Rd8+ {[%clk 00:08:22]} {[%emt 00:00:59]} Kf7 {[%clk
00:00:53]} {[%emt 00:01:02]} 37. Rd7+ {[%clk 00:07:46]} {[%emt 00:01:09]} Kf6
{[%clk 00:00:40]} {[%emt 00:00:43]} 38. Rxh7 {[%clk 00:06:51]} {[%emt
00:01:25]} Rxc4 {[%clk 00:01:04]} {[%emt 00:00:06]} 39. Rxb7 {[%clk 00:06:39]}
{[%emt 00:00:42]} Rxc5 {[%clk 00:01:27]} {[%emt 00:00:07]} 40. h4 {[%clk
00:05:34]} {[%emt 00:01:35]} Rc2 {[%clk 00:01:21]} {[%emt 00:00:35]} 41. Kf1
{[%clk 00:05:46]} {[%emt 00:00:19]} Ra2 {[%clk 00:00:59]} {[%emt 00:00:50]} 42.
Rc7 {[%clk 00:05:35]} {[%emt 00:00:44]} Rb2 {[%clk 00:01:00]} {[%emt 00:00:28]}
43. Ra7 {[%clk 00:05:52]} {[%emt 00:00:14]} Rb1+ {[%clk 00:29:34]} {[%emt
00:02:25]} 44. Kf2 {[%clk 00:37:02]} {[%emt 00:00:20]} Rb2+ {[%clk 00:29:50]}
{[%emt 00:00:15]} 45. Kf3 {[%clk 00:36:18]} {[%emt 00:01:14]} Rb3+ {[%clk
00:30:08]} {[%emt 00:00:11]} 1/2-1/2

[Event "DVM U16 2018"]
[Site "Aurich GER"]
[Date "2018.12.29"]
[Round "6"]
[White "Henning, Marvin"]
[Black "Engel, Robert"]
[Result "1/2-1/2"]
[Termination "normal"]
[Board "1.3"]
[WhiteElo "1988"]
[BlackElo "2071"]
[WhiteClock "00:29:46"]
[BlackClock "00:24:39"]
[WhiteTeam "Reideburger SV 90 Halle"]
[BlackTeam "Hamburger SK"]
[PlyCount "86"]
[WhiteFideId "12957399"]
[BlackFideId "12974684"]
[EventCountry "GER"]
[EventRounds "7"]
[EventType "team-swiss"]
[EventDate "2018.12.26"]

1. e4 {[%clk 01:30:57]} {[%emt 00:00:02]} c5 {[%clk 01:30:56]} {[%emt
00:00:04]} 2. Nc3 {[%clk 01:31:24]} {[%emt 00:00:03]} a6 {[%clk 01:31:21]}
{[%emt 00:00:05]} 3. f4 {[%clk 01:31:50]} {[%emt 00:00:04]} b5 {[%clk
01:31:46]} {[%emt 00:00:05]} 4. g3 {[%clk 01:32:14]} {[%emt 00:00:07]} Bb7
{[%clk 01:32:10]} {[%emt 00:00:05]} 5. Bg2 {[%clk 01:32:40]} {[%emt 00:00:05]}
e6 {[%clk 01:32:33]} {[%emt 00:00:06]} 6. d3 {[%clk 01:33:06]} {[%emt
00:00:04]} Be7 {[%clk 01:32:58]} {[%emt 00:00:06]} 7. Nf3 {[%clk 01:33:19]}
{[%emt 00:00:17]} d5 {[%clk 01:33:21]} {[%emt 00:00:06]} 8. e5 {[%clk
01:33:22]} {[%emt 00:00:27]} g6 {[%clk 01:22:39]} {[%emt 00:11:12]} 9. O-O
{[%clk 01:32:50]} {[%emt 00:01:02]} h5 {[%clk 01:22:43]} {[%emt 00:00:26]} 10.
h3 {[%clk 01:22:15]} {[%emt 00:11:05]} Nh6 {[%clk 01:22:01]} {[%emt 00:01:12]}
11. d4 {[%clk 01:15:58]} {[%emt 00:06:47]} Nc6 {[%clk 01:10:56]} {[%emt
00:11:35]} 12. Ne2 {[%clk 01:14:42]} {[%emt 00:01:45]} a5 {[%clk 00:49:45]}
{[%emt 00:21:42]} 13. Be3 {[%clk 01:08:10]} {[%emt 00:07:02]} Nf5 {[%clk
00:49:01]} {[%emt 00:01:14]} 14. Bf2 {[%clk 01:08:32]} {[%emt 00:00:08]} cxd4
{[%clk 00:49:05]} {[%emt 00:00:27]} 15. Nfxd4 {[%clk 01:08:19]} {[%emt
00:00:42]} Ncxd4 {[%clk 00:48:55]} {[%emt 00:00:40]} 16. Nxd4 {[%clk 01:08:25]}
{[%emt 00:00:24]} Nxd4 {[%clk 00:48:35]} {[%emt 00:00:51]} 17. Bxd4 {[%clk
01:08:31]} {[%emt 00:00:22]} Qc7 {[%clk 00:46:26]} {[%emt 00:02:39]} 18. Rf3
{[%clk 01:06:59]} {[%emt 00:02:03]} b4 {[%clk 00:45:20]} {[%emt 00:01:36]} 19.
Bf1 {[%clk 01:04:44]} {[%emt 00:02:45]} Ba6 {[%clk 00:43:55]} {[%emt 00:01:55]}
20. Rc1 {[%clk 00:59:13]} {[%emt 00:06:01]} Bc5 {[%clk 00:35:01]} {[%emt
00:09:24]} 21. Bf2 {[%clk 00:39:40]} {[%emt 00:20:03]} Bxf1 {[%clk 00:33:11]}
{[%emt 00:02:20]} 22. Qxf1 {[%clk 00:39:55]} {[%emt 00:00:15]} Ke7 {[%clk
00:33:14]} {[%emt 00:00:26]} 23. c4 {[%clk 00:31:59]} {[%emt 00:08:27]} Rac8
{[%clk 00:29:24]} {[%emt 00:04:20]} 24. b3 {[%clk 00:31:21]} {[%emt 00:01:08]}
Rhd8 {[%clk 00:27:58]} {[%emt 00:01:55]} 25. Kh2 {[%clk 00:28:09]} {[%emt
00:03:43]} Bxf2 {[%clk 00:22:21]} {[%emt 00:06:07]} 26. Rxf2 {[%clk 00:27:23]}
{[%emt 00:01:16]} Qb6 {[%clk 00:22:24]} {[%emt 00:00:27]} 27. Rg2 {[%clk
00:26:13]} {[%emt 00:01:40]} Rc5 {[%clk 00:18:17]} {[%emt 00:04:37]} 28. cxd5
{[%clk 00:24:28]} {[%emt 00:02:16]} Rcxd5 {[%clk 00:18:27]} {[%emt 00:00:19]}
29. Qe2 {[%clk 00:11:59]} {[%emt 00:12:59]} Qa7 {[%clk 00:12:27]} {[%emt
00:06:30]} 30. h4 {[%clk 00:09:46]} {[%emt 00:02:43]} Rd3 {[%clk 00:10:27]}
{[%emt 00:02:30]} 31. Re1 {[%clk 00:06:58]} {[%emt 00:03:18]} Qd4 {[%clk
00:08:40]} {[%emt 00:02:17]} 32. Qf1 {[%clk 00:05:09]} {[%emt 00:02:19]} Qd5
{[%clk 00:07:17]} {[%emt 00:01:52]} 33. Ree2 {[%clk 00:04:14]} {[%emt
00:01:25]} Qd7 {[%clk 00:06:34]} {[%emt 00:01:13]} 34. Qf2 {[%clk 00:04:32]}
{[%emt 00:00:12]} Qd5 {[%clk 00:06:10]} {[%emt 00:00:55]} 35. Qg1 {[%clk
00:04:05]} {[%emt 00:00:57]} Kf8 {[%clk 00:05:13]} {[%emt 00:01:27]} 36. Qf2
{[%clk 00:03:59]} {[%emt 00:00:36]} Kg7 {[%clk 00:04:38]} {[%emt 00:01:05]} 37.
Qg1 {[%clk 00:04:06]} {[%emt 00:00:23]} Qb5 {[%clk 00:04:21]} {[%emt 00:00:47]}
38. Qf2 {[%clk 00:03:40]} {[%emt 00:00:56]} R3d4 {[%clk 00:03:21]} {[%emt
00:01:30]} 39. Qg1 {[%clk 00:03:57]} {[%emt 00:00:13]} a4 {[%clk 00:03:36]}
{[%emt 00:00:15]} 40. bxa4 {[%clk 00:04:17]} {[%emt 00:00:10]} Qxa4 {[%clk
00:04:05]} {[%emt 00:00:01]} 41. Qf2 {[%clk 00:04:37]} {[%emt 00:00:11]} Qa3
{[%clk 00:30:39]} {[%emt 00:04:25]} 42. Qf1 {[%clk 00:31:57]} {[%emt 00:04:10]}
Rd1 {[%clk 00:28:51]} {[%emt 00:02:18]} 43. Qf2 {[%clk 00:29:46]} {[%emt
00:02:41]} R8d4 {[%clk 00:24:39]} {[%emt 00:04:42]} 1/2-1/2